000 00567nam a22002057a 4500
003 OSt
005 20140310183125.0
008 130528t xxu||||| |||| 00| 0 eng d
020 _a9789712720482
050 _aDS 686.5
_b.Se454 2008
082 _aFIL 303.48409599
_bS454 2008
245 _aInside the mass movement
_ba political memoir
_cSegovia, Raul E.
260 _aPasig City
_bAnvil Publishing
_cc2008
300 _axxxv, 287 p.
_c22 cm.
521 _aCollege students
526 _c1210L-1700L
541 _j1
562 _e1
942 _2lcc
_cBK
_kFIL
999 _c19005
_d19005